00686nam a2200229 i 4500003000900000005001700009007000300026008004100029020001800070040003100088082000700119100002800126245006100154264004700215300002100262336002700283337003300310338002800343490001500371490001500386500005500401DO-SdBNP20240306172149.0ta230414b2005 mx ||||| |||| 00| 0 spa d a9789707803824 aDO-SdBNPbspacBNPHU erda 42221 aAllende, Isabel,d1942-10aCuentos de Eva Luna :bcontemporánea /cIsabel Allende aMéxico :bRandom House Mondadori,c2005. a277 p. ;c19 cm. 2rdacontentatextobtxt 2rdamediaasin mediaciónbn 2rdacarrieravolumenbnc1 aBiblioteca1 aDebols!llo aLa biblioteca posee la 3a. reimpresión del 2009.